000 00426nam a2200181 a 4500
001 1760684956894
003 ACL
005 20251017124115.0
008 251017s2004##################000#0#eng##
020 _a9788176495257
082 0 4 _a658.452
_bBON
100 1 _aBonet, Diana,
_eauthor.
245 1 0 _aThe Business of Listening :
260 _c2004.
650 0 _aListening.
942 _cENGLISH
040 _aACL
_beng
_cACL
999 _c592084
_d592084